[Event "St Veit op 42nd"]
[Site "St Veit"]
[Date "2023.07.11"]
[Round "5"]
[White "Hng, Mei En Emmanuelle"]
[Black "Schwab, Lukas"]
[Result "1/2-1/2"]
[WhiteElo "2040"]
[BlackElo "2195"]
[PlyCount "80"]
[EventDate "2023.07.08"]
[EventType "swiss"]
[EventRounds "9"]
[EventCountry "AUT"]
[SourceTitle "CBM 215 Extra"]
[Source "ChessBase"]
[SourceDate "2023.09.30"]
[SourceVersion "1"]
[SourceVersionDate "2023.09.30"]
[SourceQuality "1"]

1. e4 e5 2. Nf3 Nc6 3. Bb5 Nge7 4. 0-0 g6 5. c3 a6 6. Bc4 Bg7 7. d4 exd4 8. cxd4 b5 9. Bb3 d6 10. Nc3 0-0 11. h3 Na5 12. Bg5 h6 13. Bxe7 Qxe7 14. Nd5 Qd8 15. Rc1 c6 16. Nf4 Kh7 17. e5 dxe5 18. dxe5 Bf5 19. Bc2 Bxc2 20. Qxc2 Nc4 21. Rfd1 Qc7 22. b3 Nxe5 23. Nxe5 Bxe5 24. Nd5 cxd5 25. Qxc7 Bxc7 26. Rxc7 Rac8 27. Ra7 Rc2 28. Rxa6 Re8 29. Rf6 Kg7 30. Rf3 Re5 31. a3 f5 32. Rf4 Rb2 33. Rb4 Ree2 34. Rf1 d4 35. Rxd4 Rxb3 36. Ra1 Rbb2 37. Rf4 Kf6 38. g3 Rb3 39. Kg2 Ke5 40. a4 bxa4 1/2-1/2

[Event "St Veit op 41st"]
[Site "St Veit"]
[Date "2022.07.12"]
[Round "5"]
[White "Bajorski, Marius"]
[Black "Schwab, Lukas"]
[Result "0-1"]
[WhiteElo "1870"]
[BlackElo "2166"]
[PlyCount "202"]
[EventDate "2022.07.09"]
[EventType "swiss"]
[EventRounds "9"]
[EventCountry "AUT"]
[SourceTitle "CBM 209 Extra"]
[Source "ChessBase"]
[SourceDate "2022.09.30"]
[SourceVersion "1"]
[SourceVersionDate "2022.09.30"]
[SourceQuality "1"]

1. e4 e5 2. Nf3 Nc6 3. Bb5 a6 4. Ba4 Nf6 5. 0-0 Be7 6. Re1 b5 7. Bb3 d6 8. c3 0-0 9. h3 Nb8 10. d3 Nbd7 11. Nbd2 c5 12. Nf1 Qc7 13. Ng3 Re8 14. Qe2 Nb6 15. d4 c4 16. Bc2 Bf8 17. dxe5 dxe5 18. Bg5 Nfd7 19. Red1 Nc5 20. Rd2 f6 21. Be3 Be6 22. Rad1 Rad8 23. Nh4 Rxd2 24. Rxd2 Rd8 25. Nhf5 Rxd2 26. Qxd2 Qd7 27. Kf1 Qxd2 28. Bxd2 Nba4 29. Bc1 Nd3 30. Bxd3 cxd3 31. Ke1 Bxa2 32. Kd2 Nc5 33. b4 Nb3+ 34. Kd1 a5 35. bxa5 Nxa5 36. Ne3 Kf7 37. Bb2 Bc5 38. Ngf1 Ke6 39. Kd2 Nb3+ 40. Kxd3 Bb1+ 41. Ke2 Bxe4 42. f3 Bc6 43. Nd2 Na5 44. Nc2 Kf5 45. Ba3 Bxa3 46. Nxa3 Nb7 47. c4 bxc4 48. Naxc4 Nc5 49. h4 Kf4 50. Nf1 Bb5 51. g3+ Kf5 52. Nfe3+ Ke6 53. Kf2 Nd3+ 54. Kg2 Bc6 55. Nd2 f5 56. Kf1 f4 57. gxf4 Nxf4 58. Kf2 Nd3+ 59. Kg3 Nf4 60. Ng2 Ne2+ 61. Kf2 Nd4 62. Kg3 Nc2 63. Kg4 Kf6 64. Kg3 Kf5 65. Nc4 Nd4 66. Nge3+ Ke6 67. Nd2 g6 68. Kg4 h6 69. Nd1 h5+ 70. Kg3 Nf5+ 71. Kh3 Kd5 72. Ne4 Kd4 73. Ng5 Bd7 74. Nb2 Ne3+ 75. Kg3 Kc3 76. Kf2 Nf5 77. Nd1+ Kd2 78. Ne3 Nxe3 79. Ne4+ Kd3 80. Nc5+ Kd4 81. Nxd7 Nf5 82. Nf8 Nxh4 83. Kg3 Nf5+ 84. Kf2 Ne7 85. Kg3 Ke3 86. Nd7 Nf5+ 87. Kh3 Kf4 88. Nf8 Ne7 89. Kg2 Kf5 90. Kg3 Nd5 91. Nd7 Nf4 92. Nc5 g5 93. Ne4 h4+ 94. Kf2 g4 95. Nd6+ Ke6 96. Ne4 g3+ 97. Kg1 Kd5 98. Nf6+ Kd4 99. Ng4 h3 100. Kh1 Ne2 101. f4 g2+ 0-1

[Event "AUT-chT2O 1920"]
[Site "Austria"]
[Date "2019.11.17"]
[Round "4.4"]
[White "Alvir, Aco"]
[Black "Schwab, Lukas"]
[Result "1/2-1/2"]
[WhiteElo "2338"]
[BlackElo "2166"]
[PlyCount "81"]
[EventDate "2019.10.19"]
[EventType "team-tourn"]
[EventRounds "11"]
[EventCountry "AUT"]
[SourceTitle "CBM 193 Extra"]
[Source "ChessBase"]
[SourceDate "2020.01.31"]
[SourceVersion "1"]
[SourceVersionDate "2020.01.31"]
[SourceQuality "1"]
[WhiteTeam "Pamhagen"]
[BlackTeam "Donaustadt"]
[WhiteTeamCountry "AUT"]
[BlackTeamCountry "AUT"]

1. e4 e5 2. Nf3 Nc6 3. Bc4 Bc5 4. c3 Nf6 5. d4 exd4 6. cxd4 Bb4+ 7. Bd2 Bxd2+ 8. Nbxd2 d5 9. exd5 Nxd5 10. Qb3 Nce7 11. 0-0 0-0 12. Rfe1 c6 13. Ne5 Qc7 14. Ne4 Bf5 15. Rac1 Rad8 16. Qf3 Bxe4 17. Qxe4 Qd6 18. Bb3 Ng6 19. Nf3 Qf6 20. Bc2 Qf4 21. g3 Qxe4 22. Bxe4 Nge7 23. Re2 g6 24. Rce1 Nf6 25. Bc2 Ned5 26. Bb3 Kg7 27. Kf1 Rfe8 28. Re5 h6 29. a3 Kf8 30. R1e2 Re7 31. Ke1 Rde8 32. Kd2 Nd7 33. Rxe7 Rxe7 34. Bxd5 Rxe2+ 35. Kxe2 cxd5 36. Kd3 Nf6 37. Ne5 Ke7 38. f3 Ne8 39. b3 Nc7 40. a4 Ne6 41. Ke3 1/2-1/2

[Event "AUT-chT2O 1920"]
[Site "Austria"]
[Date "2019.11.16"]
[Round "3.3"]
[White "Hrescak, Ivana"]
[Black "Schwab, Lukas"]
[Result "1/2-1/2"]
[WhiteElo "2226"]
[BlackElo "2166"]
[PlyCount "86"]
[EventDate "2019.10.19"]
[EventType "team-tourn"]
[EventRounds "11"]
[EventCountry "AUT"]
[SourceTitle "CBM 193 Extra"]
[Source "ChessBase"]
[SourceDate "2020.01.31"]
[SourceVersion "1"]
[SourceVersionDate "2020.01.31"]
[SourceQuality "1"]
[WhiteTeam "Baden Invest"]
[BlackTeam "Donaustadt"]
[WhiteTeamCountry "AUT"]
[BlackTeamCountry "AUT"]

1. d4 d5 2. c4 e6 3. Nc3 Nf6 4. cxd5 exd5 5. Bg5 c6 6. e3 Be7 7. Qc2 Nbd7 8. Bd3 g6 9. Nge2 Nh5 10. Bxe7 Qxe7 11. Rc1 Nb6 12. 0-0 Be6 13. Na4 Nxa4 14. Qxa4 0-0 15. Qc2 Rfe8 16. Qd2 Ng7 17. Rc2 Bf5 18. Rfc1 Bxd3 19. Qxd3 Nf5 20. Nf4 Nd6 21. Qd1 Qg5 22. Nh3 Qf5 23. Qf3 Qxf3 24. gxf3 Kg7 25. Nf4 Re7 26. Nd3 Rae8 27. Rc3 Nc4 28. b3 Nd6 29. Ne5 f6 30. Nd3 g5 31. Kg2 Kg6 32. Nc5 Nf5 33. Nd3 Nd6 34. Kg1 h6 35. Kg2 Nf5 36. h3 Rh8 37. a4 a6 38. Rb1 Nd6 39. Rc2 Ra8 40. Rbc1 Nf5 41. Rc3 Nh4+ 42. Kg3 Nf5+ 43. Kg2 Nh4+ 1/2-1/2

[Event "AUT-chT2O 1718"]
[Site "Austria"]
[Date "2018.01.13"]
[Round "6.2"]
[White "Schwab, Lukas"]
[Black "Rubil, Marko"]
[Result "0-1"]
[WhiteElo "2188"]
[BlackElo "2278"]
[PlyCount "82"]
[EventDate "2017.10.21"]
[EventType "team-tourn"]
[EventRounds "11"]
[EventCountry "AUT"]
[SourceTitle "EXT 2019"]
[Source "ChessBase"]
[SourceDate "2018.10.10"]
[SourceVersion "1"]
[SourceVersionDate "2018.10.10"]
[SourceQuality "1"]
[WhiteTeam "Donaustadt"]
[BlackTeam "Pamhagen II"]
[WhiteTeamCountry "AUT"]
[BlackTeamCountry "AUT"]

1. e4 e5 2. Nf3 Nc6 3. Bb5 a6 4. Ba4 Nf6 5. 0-0 Be7 6. Re1 b5 7. Bb3 d6 8. c3 0-0 9. h3 Na5 10. Bc2 c5 11. d4 Qc7 12. Nbd2 Nc6 13. d5 Nd8 14. Nf1 Ne8 15. a4 Rb8 16. axb5 axb5 17. Ng3 g6 18. Nh2 f6 19. Rf1 Ng7 20. f4 exf4 21. Bxf4 Nf7 22. Ng4 Ne5 23. Nh6+ Kh8 24. Bxe5 dxe5 25. Ng4 Ne8 26. Kh1 c4 27. Qe2 Bc5 28. Bd1 h5 29. Ne3 h4 30. Ngf5 gxf5 31. Nxf5 Qh7 32. b3 Bxf5 33. exf5 Nd6 34. Qf3 Rg8 35. bxc4 Nxc4 36. Qh5 Ne3 37. Qxh7+ Kxh7 38. Rf3 Nxg2 39. Ra6 Nf4 40. Bb3 Rg1+ 41. Kh2 Rbg8 0-1

[Event "AUT-chT2O 1718"]
[Site "Austria"]
[Date "2017.10.22"]
[Round "2.4"]
[White "Steiner, Adam"]
[Black "Schwab, Lukas"]
[Result "1-0"]
[WhiteElo "2171"]
[BlackElo "2188"]
[PlyCount "91"]
[EventDate "2017.10.21"]
[EventType "team-tourn"]
[EventRounds "11"]
[EventCountry "AUT"]
[SourceTitle "CBM 181 Extra"]
[Source "ChessBase"]
[SourceDate "2017.12.12"]
[SourceVersion "1"]
[SourceVersionDate "2017.12.12"]
[SourceQuality "1"]
[WhiteTeam "Ottakring II"]
[BlackTeam "Donaustadt"]
[WhiteTeamCountry "AUT"]
[BlackTeamCountry "AUT"]

1. e4 e5 2. f4 d5 3. exd5 exf4 4. Nf3 Nf6 5. Bb5+ Bd7 6. Qe2+ Qe7 7. Bxd7+ Nbxd7 8. c4 Qxe2+ 9. Kxe2 0-0-0 10. d4 Re8+ 11. Kd3 Ng4 12. Rf1 Ne3 13. Rf2 b5 14. cxb5 Nxd5 15. Nc3 N7b6 16. Nxd5 Nxd5 17. Ne5 f6 18. Nc6 Kb7 19. Bxf4 a6 20. a4 Kb6 21. Kc4 Nxf4 22. Rxf4 Re2 23. b4 Bd6 24. Rf3 axb5+ 25. axb5 Rc2+ 26. Kd5 Kxb5 27. Ra5+ Kb6 28. Rfa3 Re8 29. Na7 c6+ 30. Kxd6 Rd8+ 31. Ke7 Rxd4 32. Re3 Rxb4 33. Raa3 Kc5 34. Rac3+ Rxc3 35. Rxc3+ Kd5 36. Nxc6 Rb7+ 37. Ke8 g5 38. Ne7+ Ke5 39. Kf7 Rb2 40. g3 Rxh2 41. Re3+ Kd4 42. Nf5+ Kd5 43. Kxf6 h6 44. Kg6 Rf2 45. Nxh6 Kd4 46. Nf5+ 1-0

[Event "St Veit op 36th"]
[Site "St Veit"]
[Date "2017.07.13"]
[Round "7"]
[White "Schwab, Lukas"]
[Black "Khalakhan, Jurij"]
[Result "1/2-1/2"]
[WhiteElo "2124"]
[BlackElo "2288"]
[PlyCount "122"]
[EventDate "2017.07.08"]
[EventType "swiss"]
[EventRounds "9"]
[EventCountry "AUT"]
[SourceTitle "EXT 2018"]
[Source "ChessBase"]
[SourceDate "2017.10.13"]
[SourceVersion "1"]
[SourceVersionDate "2017.10.13"]
[SourceQuality "1"]

1. e4 c5 2. Nf3 d6 3. d4 cxd4 4. Nxd4 Nf6 5. Nc3 g6 6. Be2 Bg7 7. Be3 0-0 8. 0-0 Nc6 9. Kh1 a6 10. f4 Bd7 11. Bf3 Rc8 12. Nb3 Na5 13. e5 Rxc3 14. bxc3 Ne8 15. Bd4 Bb5 16. Re1 Nc4 17. Bxb7 Qc7 18. exd6 Nexd6 19. Bf3 Nf5 20. Be4 Rd8 21. Bxf5 gxf5 22. Qf3 Rd6 23. Bxg7 Bc6 24. Qh3 Rg6 25. Be5 Nxe5 26. Rxe5 Bxg2+ 27. Qxg2 Rxg2 28. Kxg2 Qxc3 29. Re2 a5 30. a4 e6 31. Rf2 h5 32. Rd1 Qc6+ 33. Kg1 Qxa4 34. Ra1 Qb4 35. Nxa5 Qc3 36. Nb3 Kg7 37. Rd1 Kf6 38. Rd3 Qc6 39. Rh3 Qe4 40. Rd3 Qc4 41. Rdf3 Ke7 42. Nc1 f6 43. Nd3 Qd4 44. Kg2 h4 45. Re2 Kf7 46. Rfe3 Qd5+ 47. Kg1 Qd4 48. Kf1 Qd5 49. Ke1 Qa5+ 50. Kf2 Qa7 51. c4 Qd4 52. c5 e5 53. fxe5 f4 54. Nxf4 Qxf4+ 55. Ke1 Qb4+ 56. Rd2 Qxc5 57. e6+ Ke7 58. Rd7+ Ke8 59. Rdd3 Qc1+ 60. Ke2 Qc2+ 61. Kf3 h3 1/2-1/2

[Event "AUT-ch U18"]
[Site "St Veit"]
[Date "2017.04.09"]
[Round "2"]
[White "Schwab, Lukas"]
[Black "Wagner, Leopold Franziskus"]
[Result "1-0"]
[WhiteElo "2173"]
[BlackElo "1912"]
[PlyCount "91"]
[EventDate "2017.04.09"]
[EventType "swiss"]
[EventRounds "7"]
[EventCountry "AUT"]
[SourceTitle "CBM 178 Extra"]
[Source "ChessBase"]
[SourceDate "2017.06.22"]
[SourceVersion "1"]
[SourceVersionDate "2017.06.22"]
[SourceQuality "1"]

1. e4 c5 2. Nf3 d6 3. d4 cxd4 4. Nxd4 Nf6 5. Nc3 Nc6 6. Be2 e6 7. Be3 a6 8. f4 Qc7 9. 0-0 Be7 10. Kh1 Nxd4 11. Bxd4 e5 12. Be3 Be6 13. Qe1 b5 14. a3 Bc4 15. fxe5 dxe5 16. Bg5 Be6 17. Rd1 0-0 18. Qg3 Kh8 19. Rf2 Ng8 20. Be3 Rad8 21. Rdf1 f6 22. Bg4 Bxg4 23. Qxg4 Bc5 24. Bxc5 Qxc5 25. Nd5 Ne7 26. Nb4 a5 27. Nd3 Qc7 28. Qe6 Nc6 29. Qh3 Nd4 30. Ne1 Qc6 31. Qg4 Qe6 32. Qg3 g6 33. Qc3 a4 34. Nd3 Kg7 35. Qb4 Rc8 36. c3 Qc4 37. cxd4 Qxd3 38. dxe5 Qd8 39. Qxb5 f5 40. exf5 Rxf5 41. Rxf5 gxf5 42. e6 f4 43. Qxa4 Qd5 44. Qd7+ Qxd7 45. exd7 Rd8 46. Rd1 1-0

[Event "AUT-chT2O 1617"]
[Site "Austria"]
[Date "2017.04.02"]
[Round "11.4"]
[White "Sardy, Peter"]
[Black "Schwab, Lukas"]
[Result "1-0"]
[WhiteElo "2348"]
[BlackElo "2087"]
[PlyCount "63"]
[EventDate "2016.10.15"]
[EventType "team-tourn"]
[EventRounds "11"]
[EventCountry "AUT"]
[SourceTitle "CBM 177 Extra"]
[Source "ChessBase"]
[SourceDate "2017.04.27"]
[SourceVersion "1"]
[SourceVersionDate "2017.04.27"]
[SourceQuality "1"]
[WhiteTeam "Austria"]
[BlackTeam "Donaustadt"]
[WhiteTeamCountry "AUT"]
[BlackTeamCountry "AUT"]

1. e4 e5 2. Nf3 Nc6 3. Bb5 a6 4. Ba4 Nf6 5. Nc3 b5 6. Bb3 Be7 7. 0-0 0-0 8. d3 d6 9. a4 b4 10. Nd5 Rb8 11. a5 Bg4 12. Be3 Ne8 13. Ba4 Bd7 14. Nd2 f5 15. exf5 Rxf5 16. Qg4 Rf8 17. Qc4 Nxa5 18. Nxe7+ Kh8 19. Qh4 Bxa4 20. Ng6+ Kg8 21. Qxd8 Rxd8 22. Nxf8 Bxc2 23. Ne6 Rb8 24. Rxa5 Bxd3 25. Rc1 c5 26. f4 e4 27. f5 Nf6 28. Nf4 Ng4 29. Nxd3 Nxe3 30. Nxe4 Nxf5 31. Rxa6 Nd4 32. Rca1 1-0

[Event "AUT-chT2O 1617"]
[Site "Austria"]
[Date "2017.01.15"]
[Round "7.6"]
[White "Schwab, Lukas"]
[Black "Hechl, Gerald"]
[Result "1/2-1/2"]
[WhiteElo "2087"]
[BlackElo "2251"]
[PlyCount "34"]
[EventDate "2016.10.15"]
[EventType "team-tourn"]
[EventRounds "11"]
[EventCountry "AUT"]
[SourceTitle "CBM 177 Extra"]
[Source "ChessBase"]
[SourceDate "2017.04.27"]
[SourceVersion "1"]
[SourceVersionDate "2017.04.27"]
[SourceQuality "1"]
[WhiteTeam "Donaustadt"]
[BlackTeam "Pressbaum"]
[WhiteTeamCountry "AUT"]
[BlackTeamCountry "AUT"]

1. e4 c5 2. Nf3 a6 3. c3 e6 4. d4 d5 5. exd5 exd5 6. Be2 cxd4 7. Nxd4 Bd6 8. Be3 Nf6 9. Nd2 h6 10. h3 Nc6 11. N2f3 0-0 12. Qc2 Ne4 13. Qb3 Re8 14. 0-0 Na5 15. Qc2 Bd7 16. Rad1 Rc8 17. Nb3 Ba4 1/2-1/2

[Event "Donau op 25th"]
[Site "Aschach"]
[Date "2016.12.26"]
[Round "1"]
[White "Schwab, Lukas"]
[Black "Antal, Gergely"]
[Result "0-1"]
[WhiteElo "2056"]
[BlackElo "2546"]
[PlyCount "78"]
[EventDate "2016.12.26"]
[EventType "swiss"]
[EventRounds "7"]
[EventCountry "AUT"]
[SourceTitle "CBM 176 Extra"]
[Source "ChessBase"]
[SourceDate "2017.03.02"]
[SourceVersion "1"]
[SourceVersionDate "2017.03.02"]
[SourceQuality "1"]

1. e4 c6 2. d4 d5 3. Nc3 dxe4 4. Nxe4 Bf5 5. Ng3 Bg6 6. h4 h6 7. Nf3 e6 8. Ne5 Bh7 9. Bf4 Nf6 10. Nc4 Nd5 11. Be5 b5 12. Nd2 Nd7 13. Nge4 Nxe5 14. dxe5 Qc7 15. Qf3 Qxe5 16. 0-0-0 Be7 17. g4 f5 18. gxf5 0-0 19. Bh3 exf5 20. Ng3 Bf6 21. Qb3 a5 22. Nh5 a4 23. Nxf6+ Qxf6 24. Qf3 a3 25. bxa3 Nc3 26. Rde1 Nxa2+ 27. Kb1 Nc3+ 28. Kc1 Rxa3 29. Nb3 Ne4 30. Rxe4 fxe4 31. Qxf6 Rxf6 32. Kb2 Ra8 33. Nd4 Rd8 34. c3 Kh8 35. Ra1 Rxf2+ 36. Kb3 c5 37. Ne6 Bg8 38. Re1 Rd3 39. Bg4 h5 0-1

[Event "AUT-ch U18"]
[Site "St Veit"]
[Date "2016.03.20"]
[Round "1"]
[White "Koelber, Daniel"]
[Black "Schwab, Lukas"]
[Result "0-1"]
[WhiteElo "1938"]
[BlackElo "2080"]
[PlyCount "118"]
[EventDate "2016.03.20"]
[EventType "swiss"]
[EventRounds "7"]
[EventCountry "AUT"]
[SourceTitle "CBM 171 Extra"]
[Source "ChessBase"]
[SourceDate "2016.04.26"]
[SourceVersion "1"]
[SourceVersionDate "2016.04.26"]
[SourceQuality "1"]

1. e4 e5 2. Nf3 Nc6 3. Bb5 a6 4. Bxc6 dxc6 5. 0-0 Bg4 6. h3 Bh5 7. g4 Bg6 8. Nxe5 Qh4 9. Qf3 f6 10. Nxg6 hxg6 11. Kg2 g5 12. d3 Ne7 13. Rh1 0-0-0 14. Be3 Kb8 15. Nd2 Qh7 16. Kf1 Ng6 17. Nc4 Qg8 18. Qf5 Nh4 19. Qa5 Re8 20. Qa4 Qe6 21. Na5 Ng6 22. Qb3 Qxb3 23. Nxb3 Bd6 24. Nd4 Be5 25. Nf5 Rh7 26. c3 b6 27. Kg2 Bf4 28. Rad1 c5 29. a3 c4 30. dxc4 Rxe4 31. Rd4 Re8 32. Rhd1 Kc8 33. Rd7 Bxe3 34. fxe3 Ne5 35. R7d4 g6 36. Ng3 Reh8 37. Rh1 c5 38. Rd6 Nxc4 39. Rxf6 Nxe3+ 40. Kf3 Nc4 41. b3 Ne5+ 42. Kg2 Kc7 43. Re6 Nd3 44. Ne2 Rf8 45. Rf1 Rxf1 46. Kxf1 Rxh3 47. Rxg6 Rf3+ 48. Kg2 Rf2+ 49. Kg3 Rxe2 50. Rxg5 Re3+ 51. Kh4 Nf4 52. Rg7+ Kd6 53. Rb7 Kc6 54. Ra7 Rxc3 55. Rxa6 Rxb3 56. Kg5 Nd5 57. Kf5 Rf3+ 58. Kg6 Rf4 59. g5 Kb7 0-1